<?xml version="1.0" encoding="UTF-8"?>
<record
    xmlns:xsi="http://www.w3.org/2001/XMLSchema-instance"
    xsi:schemaLocation="http://www.loc.gov/MARC21/slim http://www.loc.gov/standards/marcxml/schema/MARC21slim.xsd"
    xmlns="http://www.loc.gov/MARC21/slim">

  <leader>02510cam a22003734i 4500</leader>
  <controlfield tag="003">PE-LiUPU</controlfield>
  <controlfield tag="005">20250811105118.0</controlfield>
  <controlfield tag="008">1964s1964    it a    rb    000 0 lat d</controlfield>
  <datafield tag="020" ind1=" " ind2=" ">
    <subfield code="a">N/A</subfield>
  </datafield>
  <datafield tag="035" ind1=" " ind2=" ">
    <subfield code="a">PE-LiUPU37004</subfield>
  </datafield>
  <datafield tag="040" ind1=" " ind2=" ">
    <subfield code="a">PE-LiUPU</subfield>
    <subfield code="b">lat</subfield>
    <subfield code="c">PE-LiUPU</subfield>
    <subfield code="e">rda</subfield>
  </datafield>
  <datafield tag="041" ind1="1" ind2=" ">
    <subfield code="a">gre</subfield>
    <subfield code="a">lat</subfield>
    <subfield code="h">gre</subfield>
  </datafield>
  <datafield tag="082" ind1=" " ind2=" ">
    <subfield code="a">220.52037</subfield>
    <subfield code="b">M563n</subfield>
    <subfield code="2">23</subfield>
  </datafield>
  <datafield tag="100" ind1=" " ind2=" ">
    <subfield code="a">Merk, Augustinus,</subfield>
    <subfield code="e">editor.</subfield>
    <subfield code="d">1890-1983,</subfield>
    <subfield code="9">6319</subfield>
  </datafield>
  <datafield tag="245" ind1="1" ind2="0">
    <subfield code="a">Novum Testamentum :</subfield>
    <subfield code="b">graece et latine /</subfield>
    <subfield code="c">editor Augustinus Merk S.J.</subfield>
  </datafield>
  <datafield tag="250" ind1=" " ind2=" ">
    <subfield code="a">Editio nona.</subfield>
  </datafield>
  <datafield tag="264" ind1=" " ind2="1">
    <subfield code="a">Romae :</subfield>
    <subfield code="b">Sumptibus Pontificii Instituti Biblici,</subfield>
    <subfield code="c">1964.</subfield>
  </datafield>
  <datafield tag="300" ind1=" " ind2=" ">
    <subfield code="a">LXXXVII, 875 p&#xE1;ginas ;</subfield>
    <subfield code="c">21 cm</subfield>
  </datafield>
  <datafield tag="336" ind1=" " ind2=" ">
    <subfield code="a">text</subfield>
    <subfield code="2">rdacontent</subfield>
  </datafield>
  <datafield tag="337" ind1=" " ind2=" ">
    <subfield code="a">unmediated</subfield>
    <subfield code="2">rdamedia</subfield>
  </datafield>
  <datafield tag="338" ind1=" " ind2=" ">
    <subfield code="a">volume</subfield>
    <subfield code="2">rdacarrier</subfield>
  </datafield>
  <datafield tag="500" ind1=" " ind2=" ">
    <subfield code="a">Texto del Nuevo Testamento en griego y lat&#xED;n en p&#xE1;ginas opuestas; incluye aparato cr&#xED;tico.</subfield>
  </datafield>
  <datafield tag="500" ind1=" " ind2=" ">
    <subfield code="a">Reimpresi&#xF3;n en Austria por Akademische Druck- und Verlagsanstalt &#x2013; Graz.</subfield>
  </datafield>
  <datafield tag="504" ind1=" " ind2=" ">
    <subfield code="a">Incluye secciones paralelas, ap&#xE9;ndice de lecciones del papiro y notas de correcciones.</subfield>
  </datafield>
  <datafield tag="505" ind1="0" ind2=" ">
    <subfield code="a">Dedicatio -- Praefatio -- Prolegomena -- &#x39A;&#x3B1;&#x3C4;&#x3B1; &#x39C;&#x3B1;&#x3C4;&#x3B8;&#x3B1;&#x3B9;&#x3BF;&#x3BD; -- &#x39A;&#x3B1;&#x3C4;&#x3B1; &#x39C;&#x3B1;&#x3C1;&#x3BA;&#x3BF;&#x3BD; -- &#x39A;&#x3B1;&#x3C4;&#x3B1; &#x39B;&#x3BF;&#x3C5;&#x3BA;&#x3B1;&#x3BD; -- &#x39A;&#x3B1;&#x3C4;&#x3B1; &#x399;&#x3C9;&#x3B1;&#x3BD;&#x3BD;&#x3B7;&#x3BD; -- &#x3A0;&#x3C1;&#x3B1;&#x3BE;&#x3B5;&#x3B9;&#x3C2; &#x391;&#x3C0;&#x3BF;&#x3C3;&#x3C4;&#x3BF;&#x3BB;&#x3C9;&#x3BD; -- &#x3A0;&#x3C1;&#x3BF;&#x3C2; &#x3A1;&#x3C9;&#x3BC;&#x3B1;&#x3B9;&#x3BF;&#x3C5;&#x3C2; -- &#x3A0;&#x3C1;&#x3BF;&#x3C2; &#x39A;&#x3BF;&#x3C1;&#x3B9;&#x3BD;&#x3B8;&#x3B9;&#x3BF;&#x3C5;&#x3C2; &#x3B1;&#x2B9; -- &#x3A0;&#x3C1;&#x3BF;&#x3C2; &#x39A;&#x3BF;&#x3C1;&#x3B9;&#x3BD;&#x3B8;&#x3B9;&#x3BF;&#x3C5;&#x3C2; &#x3B2;&#x2B9; -- &#x3A0;&#x3C1;&#x3BF;&#x3C2; &#x393;&#x3B1;&#x3BB;&#x3B1;&#x3C4;&#x3B1;&#x3C2; -- &#x3A0;&#x3C1;&#x3BF;&#x3C2; &#x395;&#x3C6;&#x3B5;&#x3C3;&#x3B9;&#x3BF;&#x3C5;&#x3C2; -- &#x3A0;&#x3C1;&#x3BF;&#x3C2; &#x3A6;&#x3B9;&#x3BB;&#x3B9;&#x3C0;&#x3C0;&#x3B7;&#x3C3;&#x3B9;&#x3BF;&#x3C5;&#x3C2; -- &#x3A0;&#x3C1;&#x3BF;&#x3C2; &#x39A;&#x3BF;&#x3BB;&#x3BF;&#x3C3;&#x3C3;&#x3B1;&#x3B5;&#x3B9;&#x3C2; -- Sectiones et Canones Eusebii ad Mt -- Appendix: Lectiones ex papyris -- Addenda et corrigenda -- Index.</subfield>
  </datafield>
  <datafield tag="505" ind1="0" ind2=" ">
    <subfield code="a">&#x3A0;&#x3C1;&#x3BF;&#x3C2; &#x398;&#x3B5;&#x3C3;&#x3C3;&#x3B1;&#x3BB;&#x3BF;&#x3BD;&#x3B9;&#x3BA;&#x3B5;&#x3B9;&#x3C2; &#x3B1;&#x2B9; -- &#x3A0;&#x3C1;&#x3BF;&#x3C2; &#x398;&#x3B5;&#x3C3;&#x3C3;&#x3B1;&#x3BB;&#x3BF;&#x3BD;&#x3B9;&#x3BA;&#x3B5;&#x3B9;&#x3C2; &#x3B2;&#x2B9; -- &#x3A0;&#x3C1;&#x3BF;&#x3C2; &#x3A4;&#x3B9;&#x3BC;&#x3BF;&#x3B8;&#x3B5;&#x3BF;&#x3BD; &#x3B1;&#x2B9; -- &#x3A0;&#x3C1;&#x3BF;&#x3C2; &#x3A4;&#x3B9;&#x3BC;&#x3BF;&#x3B8;&#x3B5;&#x3BF;&#x3BD; &#x3B2;&#x2B9; -- &#x3A0;&#x3C1;&#x3BF;&#x3C2; &#x3A4;&#x3B9;&#x3C4;&#x3BF;&#x3BD; -- &#x3A0;&#x3C1;&#x3BF;&#x3C2; &#x3A6;&#x3B9;&#x3BB;&#x3B7;&#x3BC;&#x3BF;&#x3BD;&#x3B1; -- &#x3A0;&#x3C1;&#x3BF;&#x3C2; &#x395;&#x3B2;&#x3C1;&#x3B1;&#x3B9;&#x3BF;&#x3C5;&#x3C2; -- &#x399;&#x3B1;&#x3BA;&#x3C9;&#x3B2;&#x3BF;&#x3C5; &#x3B5;&#x3C0;&#x3B9;&#x3C3;&#x3C4;&#x3BF;&#x3BB;&#x3B7; -- &#x3A0;&#x3B5;&#x3C4;&#x3C1;&#x3BF;&#x3C5; &#x3B1;&#x2B9; -- &#x3A0;&#x3B5;&#x3C4;&#x3C1;&#x3BF;&#x3C5; &#x3B2;&#x2B9; -- &#x399;&#x3C9;&#x3B1;&#x3BD;&#x3BD;&#x3BF;&#x3C5; &#x3B1;&#x2B9; -- &#x399;&#x3C9;&#x3B1;&#x3BD;&#x3BD;&#x3BF;&#x3C5; &#x3B2;&#x2B9; -- &#x399;&#x3C9;&#x3B1;&#x3BD;&#x3BD;&#x3BF;&#x3C5; &#x3B3;&#x2B9; -- &#x399;&#x3BF;&#x3C5;&#x3B4;&#x3B1; -- &#x391;&#x3C0;&#x3BF;&#x3BA;&#x3B1;&#x3BB;&#x3C5;&#x3C8;&#x3B9;&#x3C2; &#x399;&#x3C9;&#x3B1;&#x3BD;&#x3BD;&#x3BF;&#x3C5; -- Sectiones et Canones Eusebii ad Mt -- Appendix: Lectiones ex papyris -- Addenda et corrigenda -- Index.</subfield>
  </datafield>
  <datafield tag="630" ind1=" " ind2="0">
    <subfield code="a">Biblia.</subfield>
    <subfield code="p">Nuevo Testamento</subfield>
    <subfield code="l">Griego.</subfield>
    <subfield code="9">6316</subfield>
  </datafield>
  <datafield tag="630" ind1="1" ind2="4">
    <subfield code="a">Biblia.</subfield>
    <subfield code="x">Nuevo Testamento</subfield>
    <subfield code="l">Lat&#xED;n.</subfield>
    <subfield code="9">6320</subfield>
  </datafield>
  <datafield tag="700" ind1=" " ind2=" ">
    <subfield code="a">MacKenzie, R.A.F.,</subfield>
    <subfield code="e">impresi&#xF3;n.</subfield>
    <subfield code="9">6321</subfield>
  </datafield>
  <datafield tag="710" ind1=" " ind2=" ">
    <subfield code="a">Pontificium Institutum Biblicum,</subfield>
    <subfield code="e">editor.</subfield>
    <subfield code="9">6322</subfield>
  </datafield>
  <datafield tag="710" ind1=" " ind2=" ">
    <subfield code="a">Akademische Druck- und Verlagsanstalt,</subfield>
    <subfield code="e">impresor.</subfield>
    <subfield code="9">6323</subfield>
  </datafield>
  <datafield tag="942" ind1=" " ind2=" ">
    <subfield code="2">ddc</subfield>
    <subfield code="c">BK</subfield>
  </datafield>
  <datafield tag="980" ind1=" " ind2=" ">
    <subfield code="8">18226</subfield>
    <subfield code="g">Jaime Vilcaz&#xE1;n Jefe de An&#xE1;lisis Documental</subfield>
  </datafield>
  <datafield tag="999" ind1=" " ind2=" ">
    <subfield code="c">41517</subfield>
    <subfield code="d">41517</subfield>
  </datafield>
  <datafield tag="952" ind1=" " ind2=" ">
    <subfield code="r">2025-12-02 00:00:00</subfield>
    <subfield code="i">5</subfield>
    <subfield code="l">5</subfield>
    <subfield code="o">220.52037 M563n</subfield>
    <subfield code="p">37004</subfield>
    <subfield code="s">2022-12-29</subfield>
    <subfield code="t">e1</subfield>
    <subfield code="w">2015-06-25</subfield>
    <subfield code="x">FACTEO</subfield>
    <subfield code="y">BK</subfield>
    <subfield code="z">inventario-2023-12-13</subfield>
    <subfield code="1">0</subfield>
    <subfield code="2">ddc</subfield>
    <subfield code="5">0</subfield>
    <subfield code="7">0</subfield>
    <subfield code="8">GEN</subfield>
    <subfield code="f">P87</subfield>
    <subfield code="a">BUL</subfield>
    <subfield code="b">BUL</subfield>
    <subfield code="c">GEN</subfield>
    <subfield code="d">2015-06-25</subfield>
    <subfield code="e">COMPRA</subfield>
  </datafield>
</record>
